Southville International School and Colleges
Your cart is empty.
  • Cart
  • Lists
    Public lists Eva Luna New books Lux_list list_1
    Your lists Log in to create your own lists
  • Log in to your account
  • Your cookies
  • Search history
Southville International School and Colleges
  • Advanced search
  • Recent comments
  • Most popular
  • Libraries

Log in to your account

Log in with GOOGLE


If you do not have an external account, but do have a local account, you can still log in:

  1. Home
  2. MARC view: Si Ching na takot sa dilim /
Normal view MARC view ISBD view

Si Ching na takot sa dilim / (Record no. 105171)

[ view plain ]
MARC details
000 -LEADER
fixed length control field 00499nam a2200169 a 4500
005 - DATE AND TIME OF LATEST TRANSACTION
control field 20140412111343.0
008 - FIXED-LENGTH DATA ELEMENTS--GENERAL INFORMATION
fixed length control field 040212s19uu xx 00 eng d
020 ## - INTERNATIONAL STANDARD BOOK NUMBER
International Standard Book Number 971-508-046-4
050 ## - LIBRARY OF CONGRESS CALL NUMBER
Classification number Fil E
Item number Ch43 1998
100 ## - MAIN ENTRY--PERSONAL NAME
Personal name Batnag, Aleli Dew
245 ## - TITLE STATEMENT
Title Si Ching na takot sa dilim /
Statement of responsibility, etc by Aleli Dew Batnag; Paul Eric Roa.
260 ## - PUBLICATION, DISTRIBUTION, ETC. (IMPRINT)
Place of publication, distribution, etc Quezon City :
Name of publisher, distributor, etc Adarna House,
Date of publication, distribution, etc 1998.
300 ## - PHYSICAL DESCRIPTION
Extent 1 v. (unp.) ; ill.
650 ## - SUBJECT ADDED ENTRY--TOPICAL TERM
Topical term or geographic name as entry element Darkness--Fiction
650 ## - SUBJECT ADDED ENTRY--TOPICAL TERM
Topical term or geographic name as entry element Children's literature
Holdings
Withdrawn status Lost status Damaged status Use restrictions Home library Current library Shelving location Date acquired Source of acquisition Total Checkouts Full call number Barcode Date last seen Price effective from Koha item type
        Elizalde Library Elizalde Library Filipiniana Section 02/12/2004     Fil E Ch43 1998 E9523 04/12/2014 04/12/2014 Books

Si Ching na takot sa dilim /

APA

Batnag A. D., . (1998). Si Ching na takot sa dilim. Quezon City: Adarna House.

Chicago

Batnag Aleli Dew, . 1998. Si Ching na takot sa dilim. Quezon City: Adarna House.

Harvard

Batnag A. D., . (1998). Si Ching na takot sa dilim. Quezon City: Adarna House.

MLA

Batnag Aleli Dew, . Si Ching na takot sa dilim. Quezon City: Adarna House. 1998.

  • Place hold
  • Print
  • Cite
  • Add to your cart (remove)
  • Save record
    BIBTEX Dublin Core MARCXML MARC (non-Unicode/MARC-8) MARC (Unicode/UTF-8) MARC (Unicode/UTF-8, Standard) MODS (XML) RIS
  • More searches
    Search for this title in:
    Other Libraries (WorldCat) Other Databases (Google Scholar) Online Stores (Bookfinder.com) Open Library (openlibrary.org)

Exporting to Dublin Core...

SOUTHVILLE LIBRARY

Southville International School and Colleges Library

1281 Tropical Ave. Cor. Luxembourg St., BF Homes International, Las Pinas City

Tel. No. 8256374 / 252358 Loc. 117/146

Powered by Koha